[Event "CAN-op"]
[Site "Toronto CAN"]
[Date "2010.07.17"]
[Round "8"]
[White "Southam, David"]
[Black "Cheron, Anthony"]
[Result "1-0"]
[WhiteElo "2165"]
[BlackElo "1949"]
[PlyCount "99"]
[EventDate "2010.07.10"]
[EventType "swiss"]
[EventRounds "9"]
[EventCountry "CAN"]

1. d4 d6 2. Nf3 f6 3. e4 e5 4. Nc3 c6 5. a4 a5 6. h3 g6 7. Bc4 Bh6 8. O-O Bxc1
9. Rxc1 Nh6 10. Qd2 Nf7 11. Rfd1 Qe7 12. Bxf7+ Kxf7 13. d5 c5 14. Qh6 Qf8 15.
Qe3 h5 16. Nd2 b6 17. Nc4 Ba6 18. Nxb6 Ra7 19. b3 Rb7 20. Nc4 Bxc4 21. bxc4 Rb4
22. Rb1 Nd7 23. Nb5 Ke7 24. Na7 Kf7 25. c3 Rb6 26. Rb5 Qb8 27. Nc6 Qb7 28. Rxa5
Ra8 29. Rb5 Kg7 30. Rxb6 Nxb6 31. f4 exf4 32. Qxf4 Nxc4 33. Rf1 Qf7 34. a5 Qf8
35. Rb1 Qc8 36. Rf1 Qf8 37. Ra1 Qc8 38. Qf1 Qa6 39. Ra4 Nb2 40. Qxa6 Rxa6 41.
Ra2 Nd1 42. Rc2 Ne3 43. Rb2 f5 44. Rb6 Ra8 45. a6 fxe4 46. a7 Rf8 47. Rb1 Nxd5
48. Nb8 Nxc3 49. Re1 d5 50. a8=Q 1-0

[Event "CAN-op"]
[Site "Toronto CAN"]
[Date "2010.07.17"]
[Round "8"]
[White "Thomson, Bruce"]
[Black "Rehmeier, Thomas"]
[Result "1/2-1/2"]
[WhiteElo "1566"]
[BlackElo "1795"]
[PlyCount "67"]
[EventDate "2010.07.10"]
[EventType "swiss"]
[EventRounds "9"]
[EventCountry "CAN"]

1. Nf3 Nf6 2. g3 g6 3. Bg2 Bg7 4. O-O O-O 5. d4 d6 6. c3 Nbd7 7. Bg5 h6 8. Bf4
c6 9. Qc1 Kh7 10. Re1 Re8 11. e4 e5 12. dxe5 Nxe5 13. Nxe5 dxe5 14. Be3 Be6 15.
f3 Qc7 16. b3 Rad8 17. c4 Re7 18. Nc3 Red7 19. Rd1 b6 20. Rxd7 Rxd7 21. Qc2 Qd8
22. Rd1 Ne8 23. Rxd7 Qxd7 24. Qd2 Nc7 25. Qxd7 Bxd7 26. Bf1 Kg8 27. Kf2 Kf8 28.
Ne2 Ke7 29. f4 f6 30. Nc1 Ne6 31. Bh3 Nd4 32. Bxd7 Kxd7 33. Nd3 Kd6 34. Bc1
1/2-1/2

[Event "CAN-op"]
[Site "Toronto CAN"]
[Date "2010.07.17"]
[Round "8"]
[White "Yee, Lorne"]
[Black "Gagunashvili, Merab"]
[Result "0-1"]
[WhiteElo "2222"]
[BlackElo "2592"]
[PlyCount "66"]
[EventDate "2010.07.10"]
[EventType "swiss"]
[EventRounds "9"]
[EventCountry "CAN"]

1. d4 d6 2. Bf4 g6 3. e3 Bg7 4. Nf3 Nd7 5. c3 e5 6. Bg3 Ne7 7. dxe5 dxe5 8. h3
O-O 9. Bc4 Nf5 10. Bh2 Nd6 11. Bb3 b6 12. Bd5 Rb8 13. O-O Ba6 14. Re1 Qe7 15.
b4 Rbd8 16. Qb3 Nb8 17. Na3 c6 18. Bc4 Nxc4 19. Nxc4 e4 20. Nd4 c5 21. bxc5
bxc5 22. Ne2 Qe6 23. Nd6 Rxd6 24. Bxd6 Qxd6 25. Nf4 Bd3 26. Red1 Rd8 27. Rac1
c4 28. Qb7 Qd7 29. Qb2 Nc6 30. Ne2 Rb8 31. Qd2 Qc7 32. Nd4 Bf8 33. a4 Na5 0-1

[Event "CAN-op"]
[Site "Toronto CAN"]
[Date "2010.07.17"]
[Round "8"]
[White "Yoos, John"]
[Black "Barrios, Felix"]
[Result "1-0"]
[WhiteElo "2389"]
[BlackElo "2207"]
[PlyCount "67"]
[EventDate "2010.07.10"]
[EventType "swiss"]
[EventRounds "9"]
[EventCountry "CAN"]

1. e4 c5 2. Nf3 d6 3. d4 cxd4 4. Nxd4 Nf6 5. Nc3 g6 6. Be3 a6 7. f3 Nbd7 8. Qd2
b5 9. O-O-O h5 10. Kb1 Bb7 11. h3 Rc8 12. Bd3 Bg7 13. g4 Nb6 14. e5 dxe5 15.
Ne6 Nc4 16. Qf2 Qa5 17. Bxc4 fxe6 18. Bb6 Qb4 19. Bxe6 Rb8 20. g5 Nh7 21. Ne4
Nf8 22. a3 Qxe4 23. Bf7+ Kxf7 24. fxe4+ Kg8 25. Rhf1 Bxe4 26. Rd8 Rxd8 27. Bxd8
Bf5 28. h4 Kf7 29. Qa7 Kg8 30. Bxe7 Ne6 31. Rxf5 gxf5 32. g6 Rh6 33. Qa8+ Bf8
34. Qe8 1-0

[Event "CAN-op"]
[Site "Toronto CAN"]
[Date "2010.07.17"]
[Round "8"]
[White "Zaczek, Jonathan"]
[Black "Puri, Vinny"]
[Result "0-1"]
[WhiteElo "2179"]
[BlackElo "2326"]
[PlyCount "69"]
[EventDate "2010.07.10"]
[EventType "swiss"]
[EventRounds "9"]
[EventCountry "CAN"]

1. e4 e5 2. Nf3 Nc6 3. Bb5 f5 4. d3 fxe4 5. dxe4 Nf6 6. Qe2 Bc5 7. Be3 Bxe3 8.
Qxe3 O-O 9. Nc3 d6 10. h3 Qe7 11. O-O-O Kh8 12. g4 Be6 13. Be2 Nd8 14. g5 Ne8
15. h4 c6 16. h5 b5 17. Nh4 b4 18. Na4 d5 19. Qg3 Rf4 20. Ng2 Rxe4 21. Bf3 Rc4
22. Qxe5 Nf7 23. Qe3 Qxg5 24. b3 Qxe3+ 25. fxe3 Bg4 26. bxc4 Bxf3 27. Rd2 dxc4
28. Rf1 Bxh5 29. Nf4 Bg4 30. Rg2 Nf6 31. Rfg1 Ne5 32. Nc5 a5 33. Nce6 Re8 34.
Nc5 Kg8 35. Kd2 0-1

[Event "CAN-op"]
[Site "Toronto CAN"]
[Date "2010.07.18"]
[Round "9"]
[White "Armstrong, Robert J"]
[Black "Marks, Richard"]
[Result "1-0"]
[WhiteElo "1800"]
[BlackElo "1632"]
[PlyCount "101"]
[EventDate "2010.07.10"]
[EventType "swiss"]
[EventRounds "9"]
[EventCountry "CAN"]

1. d4 Nf6 2. c4 e6 3. Nf3 b6 4. e3 Bb7 5. Bd3 Be7 6. O-O O-O 7. Nc3 d5 8. b3
Nbd7 9. Bb2 Ne4 10. cxd5 exd5 11. Rc1 c5 12. dxc5 Ndxc5 13. Bb1 Bf6 14. b4 Nxc3
15. Bxc3 Ne4 16. Bd4 Qd6 17. Qb3 Bc8 18. Qb2 Bxd4 19. Qxd4 Nf6 20. e4 Qf4 21.
e5 Qxd4 22. Nxd4 Ne4 23. f4 Nd2 24. Rfe1 Nxb1 25. Rxb1 Ba6 26. b5 Bc8 27. f5
Bd7 28. e6 fxe6 29. fxe6 Be8 30. Rf1 Rc8 31. Nf5 Rxf5 32. Rxf5 Bg6 33. Rbf1
Bxf5 34. Rxf5 d4 35. Rd5 Re8 36. Rxd4 Rxe6 37. Rd7 Kf8 38. Rxa7 Re7 39. Ra6 Rb7
40. a4 Ke7 41. Ra8 Kd6 42. Rc8 Rc7 43. Rxc7 Kxc7 44. Kf2 Kd6 45. Ke3 Kc5 46.
Ke4 Kb4 47. Kd5 Kxa4 48. Kc6 Ka5 49. g3 g5 50. g4 h6 51. h3 1-0

[Event "CAN-op"]
[Site "Toronto CAN"]
[Date "2010.07.18"]
[Round "9"]
[White "Ashton, Adam"]
[Black "Itkin, David"]
[Result "1-0"]
[WhiteElo "2316"]
[BlackElo "1966"]
[PlyCount "51"]
[EventDate "2010.07.10"]
[EventType "swiss"]
[EventRounds "9"]
[EventCountry "CAN"]

1. e4 c5 2. Nf3 d6 3. Bc4 Nc6 4. c3 Nf6 5. d3 e6 6. Bb3 Be7 7. O-O O-O 8. Re1
b5 9. Nbd2 Bb7 10. Nf1 Qc7 11. Ng3 Rac8 12. a3 Rfd8 13. d4 cxd4 14. Nxd4 Nxd4
15. cxd4 d5 16. e5 Nd7 17. Qg4 Kh8 18. Nh5 Rg8 19. Bf4 Qb6 20. Rad1 Nf8 21. Re3
Ng6 22. Rh3 a5 23. Nf6 h6 24. Bxh6 gxh6 25. Rxh6+ Kg7 26. Rh7+ 1-0

[Event "CAN-op"]
[Site "Toronto CAN"]
[Date "2010.07.18"]
[Round "9"]
[White "Barron, Michael"]
[Black "Rapoport, Alexander"]
[Result "1/2-1/2"]
[WhiteElo "2375"]
[BlackElo "1838"]
[PlyCount "146"]
[EventDate "2010.07.10"]
[EventType "swiss"]
[EventRounds "9"]
[EventCountry "CAN"]

1. e4 c5 2. Nf3 e6 3. d4 cxd4 4. Nxd4 a6 5. c4 Qc7 6. Bd3 Nc6 7. Be3 Bd6 8. Nc3
Nf6 9. h3 Bf4 10. Nc2 Ne5 11. Bxf4 Nxd3+ 12. Qxd3 Qxf4 13. c5 O-O 14. O-O Rb8
15. Qd4 b6 16. cxb6 Bb7 17. f3 d5 18. exd5 Qxd4+ 19. Nxd4 Nxd5 20. Na4 e5 21.
Nb3 Bc6 22. Nbc5 Bxa4 23. Nxa4 Nxb6 24. Nc5 a5 25. b3 Rfd8 26. Rfd1 g6 27. Kf2
Kg7 28. Rxd8 Rxd8 29. Re1 Rd5 30. Ne4 f5 31. Nc3 Rc5 32. Nd1 Kf6 33. Nb2 Rc3
34. Re3 Rc2+ 35. Re2 Rc3 36. Rd2 Ke6 37. Nd1 Rc5 38. Ne3 h5 39. Rc2 Rxc2+ 40.
Nxc2 Kd5 41. Ke3 Kc5 42. h4 Nd5+ 43. Kd2 Nf4 44. Ne3 e4 45. fxe4 fxe4 46. g3
Ne6 47. Nc4 a4 48. Ke3 axb3 49. axb3 Kd5 50. Nb6+ Ke5 51. Nd7+ Kf5 52. b4 Nc7
53. Kf2 Nb5 54. Nb6 g5 55. hxg5 Kxg5 56. Nd5 h4 57. gxh4+ Kxh4 58. Ke3 Kg5 59.
Kxe4 Kg6 60. Kd3 Kf5 61. Kc4 Nd6+ 62. Kc5 Ke5 63. Nc7 Ne4+ 64. Kc6 Nc3 65. Ne8
Kd4 66. Nd6 Ke5 67. Nc4+ Kd4 68. Na3 Kd3 69. Kc5 Ne4+ 70. Kd5 Nc3+ 71. Kc6 Kd4
72. Nb5+ Kc4 73. Nxc3 Kxb4 1/2-1/2

[Event "CAN-op"]
[Site "Toronto CAN"]
[Date "2010.07.18"]
[Round "9"]
[White "Bharat, Arjun"]
[Black "MacKinnon, Keith"]
[Result "1/2-1/2"]
[WhiteElo "1841"]
[BlackElo "2280"]
[PlyCount "190"]
[EventDate "2010.07.10"]
[EventType "swiss"]
[EventRounds "9"]
[EventCountry "CAN"]

1. d4 Nf6 2. c4 e6 3. Nc3 Bb4 4. Bg5 c5 5. d5 h6 6. Bh4 Bxc3+ 7. bxc3 d6 8. Nf3
Qe7 9. e3 Nbd7 10. Be2 e5 11. Qc2 g5 12. Bg3 e4 13. Nd2 Kd8 14. h4 Rg8 15. hxg5
hxg5 16. Rh6 Kc7 17. O-O-O Ne5 18. Nb3 b6 19. Nd2 Bf5 20. Rdh1 Bg6 21. Rd1 Kb7
22. Kb2 Rh8 23. Rhh1 Rae8 24. a4 a5 25. Qb3 Nfd7 26. Ka2 f5 27. Qb5 Rxh1 28.
Rxh1 Rb8 29. Nb3 Kc7 30. Nd2 Be8 31. Bh5 Nf6 32. Bxe8 Qxe8 33. Bxe5 dxe5 34. f3
Qxb5 35. axb5 exf3 36. Nxf3 g4 37. Ng5 Rg8 38. Rh6 Rxg5 39. Rxf6 Rh5 40. Kb3 g3
41. Re6 f4 42. exf4 exf4 43. Rf6 Rh4 44. Ka3 Kd7 45. Rxb6 f3 46. gxf3 Rg4 47.
fxg4 g2 48. Ra6 g1=Q 49. Kb2 Qxg4 50. Rxa5 Qxc4 51. b6 Qxd5 52. Rb5 Qb7 53. Kb3
Kd6 54. c4 Kc6 55. Ka2 Qa6+ 56. Kb3 Kb7 57. Rxc5 Kxb6 58. Rb5+ Kc6 59. Rd5 Qa1
60. Rb5 Qd4 61. Rd5 Qb6+ 62. Rb5 Qe3+ 63. Kb4 Qd4 64. Kb3 Qd3+ 65. Kb4 Qc2 66.
Rc5+ Kd6 67. Rd5+ Ke6 68. Kc5 Qc3 69. Kb5 Qb3+ 70. Kc5 Qe3+ 71. Kb4 Qh6 72. Kc5
Qf8+ 73. Kd4 Qb4 74. Re5+ Kd6 75. Rd5+ Kc6 76. Kd3 Qb2 77. Rb5 Qc1 78. Rd5 Qd1+
79. Kc3 Qe1+ 80. Kb3 Qc1 81. Rb5 Qb1+ 82. Kc3 Qa2 83. Rd5 Qa3+ 84. Kd4 Qb4 85.
Kd3 Qb3+ 86. Kd4 Qb2+ 87. Kd3 Qf6 88. Rb5 Qf3+ 89. Kd4 Qf4+ 90. Kc3 Qe3+ 91.
Kb4 Qf2 92. Kb3 Qe1 93. Rd5 Qb1+ 94. Kc3 Qc1+ 95. Kb3 Qb1+ 1/2-1/2

[Event "CAN-op"]
[Site "Toronto CAN"]
[Date "2010.07.18"]
[Round "9"]
[White "Calugar, Arthur"]
[Black "Mo, Kevin"]
[Result "1-0"]
[WhiteElo "2372"]
[BlackElo "1964"]
[PlyCount "43"]
[EventDate "2010.07.10"]
[EventType "swiss"]
[EventRounds "9"]
[EventCountry "CAN"]

1. e4 c5 2. Nf3 d6 3. d4 cxd4 4. Nxd4 Nf6 5. Nc3 g6 6. Be3 Bg7 7. f3 Nc6 8. Qd2
O-O 9. Bc4 Bd7 10. Bb3 Na5 11. O-O-O Rb8 12. g4 b5 13. Kb1 Nxb3 14. cxb3 a5 15.
h4 b4 16. Nce2 Bb5 17. Nxb5 Rxb5 18. Nd4 Rb6 19. h5 e5 20. Nf5 gxf5 21. Bxb6
Qxb6 22. h6 1-0

[Event "CAN-op"]
[Site "Toronto CAN"]
[Date "2010.07.18"]
[Round "9"]
[White "Cheng, Bindi"]
[Black "Gelis, Paul"]
[Result "1-0"]
[WhiteElo "2426"]
[BlackElo "2216"]
[PlyCount "88"]
[EventDate "2010.07.10"]
[EventType "swiss"]
[EventRounds "9"]
[EventCountry "CAN"]

1. d4 d5 2. c4 c6 3. cxd5 cxd5 4. Nc3 Nf6 5. Bf4 Nc6 6. Nf3 Bf5 7. e3 e6 8. Qb3
Bb4 9. Ne5 Qa5 10. Nxc6 bxc6 11. a3 Bxc3+ 12. bxc3 O-O 13. Qb4 Qb6 14. a4 Nd7
15. Bd6 Rfe8 16. a5 Qxb4 17. cxb4 a6 18. Rc1 Rec8 19. Be2 f6 20. Kd2 e5 21. Rc3
exd4 22. exd4 Nf8 23. Re3 Bd7 24. Re1 Rd8 25. Bd3 Ng6 26. g3 Kf7 27. Bc5 h5 28.
f4 f5 29. h4 Bc8 30. Be2 Rh8 31. Bf3 Rb8 32. Bb6 Ra8 33. b5 axb5 34. Kc3 Bd7
35. Kb4 Nf8 36. Kc5 Rh6 37. Re7+ Kg8 38. Kb4 Ra6 39. R1e3 Ra8 40. Bc7 Re6 41.
R3xe6 Bxe6 42. Be5 Bf7 43. Rc7 Ra6 44. Bxh5 g6 1-0

[Event "CAN-op"]
[Site "Toronto CAN"]
[Date "2010.07.18"]
[Round "9"]
[White "Drkulec, Vladimir"]
[Black "Modwal, Sankalp"]
[Result "0-1"]
[WhiteElo "2038"]
[BlackElo "2242"]
[PlyCount "52"]
[EventDate "2010.07.10"]
[EventType "swiss"]
[EventRounds "9"]
[EventCountry "CAN"]

1. d4 Nf6 2. c4 e6 3. g3 Be7 4. Nf3 b6 5. Bg2 Bb7 6. O-O O-O 7. b3 c5 8. dxc5
bxc5 9. Bb2 d5 10. Ne5 Nbd7 11. cxd5 exd5 12. Nd2 Nxe5 13. Bxe5 Bd6 14. Nc4
Bxe5 15. Nxe5 Qe7 16. Nd3 Rac8 17. Rc1 Rfe8 18. e3 Ne4 19. Qc2 c4 20. bxc4 dxc4
21. Nf4 Qa3 22. Rfd1 Ba8 23. Rd4 Nxf2 24. Bxa8 Qxe3 25. Rxc4 Nd3+ 26. Kh1 Qxc1+
0-1

[Event "CAN-op"]
[Site "Toronto CAN"]
[Date "2010.07.18"]
[Round "9"]
[White "Dudkin, Maxim"]
[Black "Betaneli, Aleksandr"]
[Result "0-1"]
[WhiteElo "2108"]
[BlackElo "2312"]
[PlyCount "80"]
[EventDate "2010.07.10"]
[EventType "swiss"]
[EventRounds "9"]
[EventCountry "CAN"]

1. e4 e5 2. Nc3 Nc6 3. Nf3 Nf6 4. Bb5 Bd6 5. O-O O-O 6. d3 a6 7. Bc4 h6 8. Ne2
Na5 9. Ng3 Nxc4 10. dxc4 Re8 11. Qd3 Bf8 12. b3 d6 13. h3 Be6 14. Be3 Nd7 15.
Nh2 Qh4 16. Rae1 g6 17. Qe2 Bg7 18. Qd2 Kh7 19. Nf3 Qe7 20. Nh2 b5 21. Qd3 bxc4
22. bxc4 Nb6 23. Bxb6 cxb6 24. Nf3 Qc7 25. Nd2 Rac8 26. Rb1 h5 27. Rfd1 Bh6 28.
Ngf1 Qc5 29. Ne3 Bxe3 30. Qxe3 b5 31. Qf3 bxc4 32. Qf6 c3 33. Nf3 Bxa2 34. Ra1
Bc4 35. Rxd6 Kg8 36. Rad1 Rc7 37. Nxe5 Qxe5 38. Qf3 Be6 39. Rxa6 Rd7 40. Rda1
Rd4 0-1

[Event "CAN-op"]
[Site "Toronto CAN"]
[Date "2010.07.18"]
[Round "9"]
[White "Egorov, Mikhail"]
[Black "Dougherty, Michael"]
[Result "0-1"]
[WhiteElo "2179"]
[BlackElo "2322"]
[PlyCount "72"]
[EventDate "2010.07.10"]
[EventType "swiss"]
[EventRounds "9"]
[EventCountry "CAN"]

1. Nf3 g6 2. c4 Bg7 3. d4 c5 4. d5 d6 5. g3 Nf6 6. Bg2 e6 7. O-O exd5 8. cxd5
O-O 9. Nc3 a6 10. a4 Nbd7 11. Bf4 Qe7 12. e4 Ng4 13. Bg5 f6 14. Bd2 Rb8 15. Qe2
Nge5 16. Ne1 b5 17. axb5 axb5 18. Nxb5 Nb6 19. f4 Bg4 20. Nf3 Nf7 21. Bc3 Nxd5
22. Bd2 Bd7 23. Nc3 Nxc3 24. bxc3 Bb5 25. c4 Bc6 26. Rae1 Rfe8 27. Nh4 f5 28.
Qf2 Bxe4 29. Bxe4 fxe4 30. f5 Bd4 31. Be3 Rb2 32. Qf4 g5 33. Qg4 Ne5 34. Qxe4
gxh4 35. Bxd4 cxd4 36. Qd5+ Qf7 0-1

[Event "CAN-op"]
[Site "Toronto CAN"]
[Date "2010.07.18"]
[Round "9"]
[White "Fan, Brendan"]
[Black "Zaczek, Jonathan"]
[Result "0-1"]
[WhiteElo "2015"]
[BlackElo "2179"]
[PlyCount "74"]
[EventDate "2010.07.10"]
[EventType "swiss"]
[EventRounds "9"]
[EventCountry "CAN"]

1. e4 c5 2. Nc3 d6 3. f4 Nc6 4. Nf3 e6 5. Bc4 a6 6. a4 Nf6 7. Qe2 Nd4 8. Nxd4
cxd4 9. Nd1 d5 10. exd5 Nxd5 11. O-O Be7 12. c3 O-O 13. b4 Bf6 14. Bb2 b6 15.
Qe4 Bb7 16. cxd4 Qd7 17. b5 a5 18. Bxd5 Bxd5 19. Qd3 Rfd8 20. Ne3 Bb7 21. Nc2
Rac8 22. Rae1 Qd5 23. Ne3 Bxd4 24. Kh1 Bxe3 25. Qxd5 Rxd5 26. dxe3 Rd2 27. Bd4
Rcc2 28. Rf3 Bxf3 29. gxf3 Rxh2+ 30. Kg1 Rcg2+ 31. Kf1 Ra2 32. Kg1 Rag2+ 33.
Kf1 Rc2 34. Kg1 h5 35. Bxb6 h4 36. f5 Rcg2+ 37. Kf1 h3 0-1

[Event "CAN-op"]
[Site "Toronto CAN"]
[Date "2010.07.18"]
[Round "9"]
[White "Friedel, Joshua"]
[Black "Gentes, Kevin"]
[Result "1/2-1/2"]
[WhiteElo "2586"]
[BlackElo "2254"]
[PlyCount "54"]
[EventDate "2010.07.10"]
[EventType "swiss"]
[EventRounds "9"]
[EventCountry "CAN"]

1. Nf3 d5 2. d4 c6 3. c4 e6 4. g3 Nf6 5. Bg2 Bb4+ 6. Nbd2 dxc4 7. O-O b5 8. Qc2
Bb7 9. b3 cxb3 10. Nxb3 Nbd7 11. Bd2 Bxd2 12. Nfxd2 O-O 13. Rfd1 Qb6 14. Nc5
Nxc5 15. dxc5 Qc7 16. Ne4 Nxe4 17. Bxe4 f5 18. Bf3 Rad8 19. Qb3 Qe7 20. Qa3 e5
21. Rd6 e4 22. Bg2 a6 23. Rad1 Bc8 24. Qb3+ Be6 25. Qa3 Bd5 26. Rxd8 Rxd8 27.
e3 Kf7 1/2-1/2

[Event "CAN-op"]
[Site "Toronto CAN"]
[Date "2010.07.18"]
[Round "9"]
[White "Frilles, Ruperto"]
[Black "Moran-Venegas, Mario"]
[Result "1-0"]
[WhiteElo "2168"]
[BlackElo "1704"]
[PlyCount "61"]
[EventDate "2010.07.10"]
[EventType "swiss"]
[EventRounds "9"]
[EventCountry "CAN"]

1. c4 c6 2. d4 Nf6 3. Nf3 d5 4. Nc3 Bg4 5. e3 Nbd7 6. Be2 dxc4 7. Bxc4 e6 8.
O-O Qc7 9. h3 Bh5 10. a3 Bd6 11. Re1 O-O 12. Be2 Nb6 13. Bd2 Rad8 14. Rc1 Bxf3
15. gxf3 e5 16. Nb5 Qd7 17. Nxd6 Qxh3 18. dxe5 Rxd6 19. exd6 Nh5 20. Bf1 Qh4
21. e4 Re8 22. e5 Re6 23. Re4 Rg6+ 24. Rg4 Nd5 25. Bg2 Rxg4 26. fxg4 Nhf4 27.
Bxf4 Nxf4 28. Qf3 Qg5 29. Rd1 Qxe5 30. d7 Ne2+ 31. Qxe2 1-0

[Event "CAN-op"]
[Site "Toronto CAN"]
[Date "2010.07.18"]
[Round "9"]
[White "Ibrahim, Ismail"]
[Black "Gerzhoy, Leonid"]
[Result "0-1"]
[WhiteElo "2062"]
[BlackElo "2630"]
[PlyCount "81"]
[EventDate "2010.07.10"]
[EventType "swiss"]
[EventRounds "9"]
[EventCountry "CAN"]

1. e4 c5 2. Nc3 Nc6 3. g3 g6 4. Bg2 Bg7 5. d3 d6 6. Be3 e5 7. f4 Nge7 8. Nh3
O-O 9. O-O f5 10. Qd2 exf4 11. Nxf4 fxe4 12. dxe4 Ne5 13. Nfd5 Nc4 14. Nxe7+
Qxe7 15. Rxf8+ Bxf8 16. Nd5 Qe5 17. Qf2 Nxe3 18. Qxe3 Bg7 19. c3 Bd7 20. Rf1
Bb5 21. Re1 Bc6 22. Qf4 Re8 23. Qxe5 Rxe5 24. Rf1 a5 25. Rf2 a4 26. Rc2 b5 27.
b3 Bxd5 28. exd5 axb3 29. axb3 Re1+ 30. Bf1 Rb1 31. c4 b4 32. Re2 Rxb3 33. Re8+
Kf7 34. Rb8 Bd4+ 35. Kg2 Rb2+ 36. Kh1 b3 37. Bd3 Bc3 38. Rb7+ Kf6 39. Rxh7 Rd2
40. Be4 Re2 41. Rh4 0-1

[Event "CAN-op"]
[Site "Toronto CAN"]
[Date "2010.07.18"]
[Round "9"]
[White "Jubenville, Mark"]
[Black "McCleary, Reuben"]
[Result "1-0"]
[WhiteElo "1783"]
[BlackElo "1597"]
[PlyCount "29"]
[EventDate "2010.07.10"]
[EventType "swiss"]
[EventRounds "9"]
[EventCountry "CAN"]

1. d4 e6 2. Bf4 d5 3. Nf3 c5 4. c3 Nc6 5. e3 Nf6 6. Bd3 Bd7 7. Nbd2 Qb6 8. Rb1
Be7 9. Ne5 O-O 10. Qf3 Rad8 11. g4 h6 12. h4 Nxe5 13. dxe5 Ne8 14. g5 Kh8 15.
gxh6 1-0

[Event "CAN-op"]
[Site "Toronto CAN"]
[Date "2010.07.18"]
[Round "9"]
[White "Kleinman, Michael"]
[Black "Pechenkin, Vladimir"]
[Result "0-1"]
[WhiteElo "2233"]
[BlackElo "2432"]
[PlyCount "126"]
[EventDate "2010.07.10"]
[EventType "swiss"]
[EventRounds "9"]
[EventCountry "CAN"]

1. e4 Nf6 2. e5 Nd5 3. d4 d6 4. Nf3 dxe5 5. Nxe5 c6 6. Be2 Bf5 7. O-O Nd7 8.
Nf3 h6 9. c4 Nb4 10. a3 Nc2 11. Ra2 Nxd4 12. Nxd4 Bxb1 13. Ra1 Bh7 14. f4 e5
15. fxe5 Nxe5 16. Bf4 Ng6 17. Be3 Bc5 18. b4 Bxd4 19. Bxd4 O-O 20. Ra2 Qg5 21.
c5 Rad8 22. Rf3 Ne5 23. Rg3 Qf4 24. Rd2 Bg6 25. Be3 Rxd2 26. Bxf4 Rxd1+ 27.
Bxd1 Nd3 28. Bd2 Rd8 29. Bb3 Kh7 30. Bc3 Nf4 31. Kf2 f6 32. a4 a5 33. Ke3 Nxg2+
34. Kf3 Nh4+ 35. Ke2 axb4 36. Bxb4 Nf5 37. Rh3 Nd4+ 38. Kf2 Bf5 39. Re3 Nxb3
40. Rxb3 Bc2 41. Re3 Rd4 42. Ba5 Rxa4 43. Bb6 Be4 44. Re2 g5 45. Rd2 Bd5 46.
Re2 Kg6 47. Re7 Ra2+ 48. Re2 Rxe2+ 49. Kxe2 f5 50. Bd8 f4 51. Kd3 Kf5 52. Ke2
h5 53. Be7 h4 54. Bd8 h3 55. Kf2 g4 56. Bc7 g3+ 57. Kg1 Kg4 58. Be5 b5 59. cxb6
c5 60. Bd6 c4 61. Be5 Kf3 62. Bc3 Ke2 63. Bd4 f3 0-1

[Event "CAN-op"]
[Site "Toronto CAN"]
[Date "2010.07.18"]
[Round "9"]
[White "Loadman, Ian"]
[Black "Mulyar, Michael"]
[Result "0-1"]
[WhiteElo "2202"]
[BlackElo "2380"]
[PlyCount "70"]
[EventDate "2010.07.10"]
[EventType "swiss"]
[EventRounds "9"]
[EventCountry "CAN"]

1. e4 Nf6 2. e5 Nd5 3. d4 d6 4. Bc4 c6 5. Nf3 Bg4 6. exd6 e6 7. Nbd2 Bxd6 8.
Ne4 Be7 9. c3 Nd7 10. O-O O-O 11. h3 Bh5 12. Ng3 Bg6 13. Bd3 Bxd3 14. Qxd3 c5
15. Rd1 cxd4 16. Nxd4 Qb6 17. c4 N5f6 18. Qe2 Rfd8 19. Be3 Bc5 20. b4 Qxb4 21.
Rab1 Qa4 22. Rxb7 Ne5 23. Rb5 Rac8 24. Nb3 Rxd1+ 25. Qxd1 Bxe3 26. Rxe5 Bf4 27.
Ra5 Qxc4 28. Rxa7 Bxg3 29. fxg3 e5 30. Qf1 Qc3 31. Kh2 h5 32. Qf5 e4 33. Nd4
Rd8 34. Ne6 fxe6 35. Qg6 Nh7 0-1

[Event "CAN-op"]
[Site "Toronto CAN"]
[Date "2010.07.18"]
[Round "9"]
[White "Manalo, Pepin"]
[Black "Gillis, Doug"]
[Result "1-0"]
[WhiteElo "1932"]
[BlackElo "1686"]
[PlyCount "57"]
[EventDate "2010.07.10"]
[EventType "swiss"]
[EventRounds "9"]
[EventCountry "CAN"]

1. e4 e6 2. c4 d5 3. cxd5 exd5 4. exd5 Qxd5 5. Nc3 Qa5 6. Bc4 Nc6 7. Nf3 Bg4 8.
Qe2+ Be7 9. Bb5 a6 10. Bxc6+ bxc6 11. h3 Bh5 12. O-O Nf6 13. d4 Bxf3 14. Qxf3
O-O 15. Qxc6 Bd6 16. Bd2 Qf5 17. Rfe1 Qd3 18. Be3 Rab8 19. Rad1 Qg6 20. Re2
Rfe8 21. Qxa6 Ne4 22. Qd3 Nxc3 23. Qxc3 f5 24. Qc4+ Kh8 25. f4 Qg3 26. Rde1
Rxb2 27. Qc6 Rbb8 28. Bf2 Rxe2 29. Bxg3 1-0

[Event "CAN-op"]
[Site "Toronto CAN"]
[Date "2010.07.18"]
[Round "9"]
[White "Olheiser, Gordon"]
[Black "Twesigye, Derick"]
[Result "0-1"]
[WhiteElo "2142"]
[BlackElo "1990"]
[PlyCount "99"]
[EventDate "2010.07.10"]
[EventType "swiss"]
[EventRounds "9"]
[EventCountry "CAN"]

1. Nf3 Nf6 2. d4 g6 3. e3 Bg7 4. b4 O-O 5. c4 d6 6. Be2 Nbd7 7. Bb2 Ne4 8. Nbd2
Nxd2 9. Qxd2 e5 10. dxe5 dxe5 11. c5 Qe7 12. O-O Re8 13. e4 Nf8 14. h3 Rd8 15.
Qc2 f6 16. Rfd1 Be6 17. a4 Qf7 18. Ra3 Bh6 19. b5 g5 20. a5 Ng6 21. Rxd8+ Rxd8
22. Rd3 Rc8 23. Qd1 Nf4 24. Rd8+ Rxd8 25. Qxd8+ Qf8 26. Qd2 g4 27. Qc2 Nxe2+
28. Qxe2 gxf3 29. Qxf3 Bg7 30. Ba3 Qd8 31. Qe2 Qd4 32. Qh5 Bf7 33. Qf3 h6 34.
Qf5 Qc4 35. Qf3 Qe6 36. Qe2 Qd7 37. Qc2 Be8 38. b6 cxb6 39. cxb6 a6 40. Qc5 Bh5
41. f3 Be8 42. Kh2 Kh7 43. Bb4 Qf7 44. f4 exf4 45. Bd2 Qg6 46. Qc4 Qg3+ 47. Kh1
f3 48. gxf3 Qxh3+ 49. Kg1 Qg3+ 50. Kf1 0-1

[Event "CAN-op"]
[Site "Toronto CAN"]
[Date "2010.07.18"]
[Round "9"]
[White "Oussedik, Elias"]
[Black "Poirier, David"]
[Result "1-0"]
[WhiteElo "2154"]
[BlackElo "1855"]
[PlyCount "131"]
[EventDate "2010.07.10"]
[EventType "swiss"]
[EventRounds "9"]
[EventCountry "CAN"]

1. e4 e5 2. Nf3 Nc6 3. Bc4 Be7 4. d4 d6 5. d5 Nb8 6. Be3 Nf6 7. Bd3 Nbd7 8. c4
b6 9. Nc3 O-O 10. O-O h6 11. b4 a5 12. a3 Nh7 13. Qc2 Ng5 14. Nd2 Bf6 15. Rfc1
Ba6 16. Ne2 axb4 17. axb4 Bb7 18. Nb3 c6 19. c5 bxc5 20. bxc5 dxc5 21. Nxc5
Nxc5 22. Bxc5 cxd5 23. Bxf8 Qxf8 24. Ng3 dxe4 25. Nxe4 Nxe4 26. Bxe4 Bxe4 27.
Qxe4 Re8 28. Rc6 Bg5 29. Rca6 f5 30. Qc4+ Qf7 31. Qb5 Re7 32. Ra8+ Kh7 33. Rd1
Bf6 34. h3 g6 35. Qb8 e4 36. Qf8 Qxf8 37. Rxf8 Kg7 38. Rfd8 Kf7 39. R8d7 Be5
40. Kf1 Rxd7 41. Rxd7+ Ke6 42. Rd8 f4 43. Ke2 g5 44. Ra8 Kf5 45. Rf8+ Kg6 46.
Kd2 Bd4 47. Re8 Bxf2 48. Rxe4 h5 49. Re6+ Kf5 50. Rh6 h4 51. Ke2 Bg3 52. Ra6
Ke4 53. Ra4+ Ke5 54. Kf3 Bh2 55. Ra3 Bg3 56. Kg4 Kf6 57. Ra6+ Ke5 58. Kxg5 Ke4
59. Re6+ Kd3 60. Kg4 Kd4 61. Kf3 Kd5 62. Re4 Kd6 63. Rxf4 Ke5 64. Rf8 Ke6 65.
Kg4 Ke7 66. Rh8 1-0

[Event "CAN-op"]
[Site "Toronto CAN"]
[Date "2010.07.18"]
[Round "9"]
[White "Puri, Vinny"]
[Black "Malaniuk, Vladimir"]
[Result "0-1"]
[WhiteElo "2326"]
[BlackElo "2551"]
[PlyCount "106"]
[EventDate "2010.07.10"]
[EventType "swiss"]
[EventRounds "9"]
[EventCountry "CAN"]

1. d4 f5 2. e4 fxe4 3. Nc3 Nf6 4. Bg5 Nc6 5. d5 Ne5 6. Qd4 Nf7 7. Bxf6 exf6 8.
Nxe4 f5 9. Ng3 g6 10. Bc4 Bd6 11. Nf3 O-O 12. O-O-O Ng5 13. Ne5 Qf6 14. f4 Nf7
15. Rhe1 b6 16. Rd3 Qh4 17. Kb1 Nxe5 18. fxe5 Qxd4 19. Rxd4 Re8 20. e6 dxe6 21.
dxe6 Kg7 22. Rd2 Rb8 23. Nf1 b5 24. Bb3 a5 25. Rde2 a4 26. Bd5 Rb6 27. g3 c6
28. Bf3 Kf6 29. g4 Rxe6 30. g5+ Kf7 31. Rxe6 Bxe6 32. Rd1 Bf4 33. h4 Ke7 34.
Rd4 Bd6 35. c3 Be5 36. Rd1 a3 37. bxa3 Bxc3 38. Ne3 b4 39. axb4 Rxb4+ 40. Kc2
Bd4 41. a3 Rb2+ 42. Kc1 Rb3 43. Rxd4 Rxe3 44. Bd1 Rxa3 45. Rb4 Rh3 46. Rb7+ Bd7
47. h5 gxh5 48. Rb8 f4 49. Kd2 Rh2+ 50. Kc3 f3 51. Rh8 Bf5 52. Bb3 f2 53. Bc4
Rh1 0-1